Compendio histórico del Arte Universal / (Record no. 82399)

MARC details
000 -LEADER
campo de control de longitud fija 00582nam a2200193 i 4500
001 - NÚMERO DE CONTROL
campo de control 82399
003 - IDENTIFICADOR DE NÚMERO DE CONTROL
campo de control ES-MaACL
005 - FECHA Y HORA DE LA ÚLTIMA TRANSACCIÓN
campo de control 20250812024130.0
007 - CAMPO FIJO DE DESCRIPCIÓN FÍSICA--INFORMACIÓN GENERAL
campo de control de longitud fija t|
008 - DATOS DE LONGITUD FIJA--INFORMACIÓN GENERAL
campo de control de longitud fija 041110s1944 sp ||||1| spa d
100 1# - ENTRADA PRINCIPAL--NOMBRE DE PERSONA
Nombre de persona Igual Ubeda, Antonio.
9 (RLIN) 65156
245 10 - MENCIÓN DEL TÍTULO
Título Compendio histórico del Arte Universal /
Mención de responsabilidad, etc. Antonio Igual Ubeda.
250 ## - MENCION DE EDICION
Mención de edición 1ª ed.
260 ## - PUBLICACIÓN, DISTRIBUCIÓN, ETC.
Lugar de publicación, distribución, etc. Barcelon :
Nombre del editor, distribuidor, etc. Ediciones Ars,
Fecha de publicación, distribución, etc. [1944] (
Fabricante Viladot)
300 ## - DESCRIPCIÓN FÍSICA
Extensión 2 v., 1 lám. :
Otras características físicas il. ;
Dimensiones 20 cm.
650 04 - PUNTO DE ACCESO ADICIONAL DE MATERIA--TÉRMINO DE MATERIA
Término de materia o nombre geográfico como elemento de entrada Arte-
Subdivisión de forma Historia
9 (RLIN) 10107
852 ## - LOCALIZACIÓN
Ubicación ES-MaACL
Número de control de estantería B-10231-32
Sublocalización o colección R.21700
Holdings
Estatus retirado Estado de pérdida Estado de daño No para préstamo Biblioteca de origen Biblioteca actual Ubicación en estantería Fecha de adquisición Fuente de adquisición Total de préstamos Signatura topográfica completa Código de barras Visto por última vez Precio de reemplazo Tipo de ítem Koha
        Biblioteca del Ateneo de Madrid Biblioteca del Ateneo de Madrid Sala Pardo Bazán 17/01/2008     B-10231-32 1086115 23/02/2023 23/02/2023 Libro impreso